000 00714nam a2200289Ia 4500
005 20260324130914.0
008 008 260324s9999 xx 000 0 eng d
020 _a9780203941140
037 _aEBOOK
040 _aCRL
040 _beng
040 _cCRL
041 _2eng
041 _aeng
084 _qCRL
100 _aTony Smith
_91048660
245 2 _aA Pact with the Devil
245 0 _bWashington's Bid for World Supremacy and the Betrayal of the American Promise
260 _bTaylor and Francis
260 _c2007
365 _a
365 _b240
856 _uhttp://www.taylorfrancis.com/books/9780203941140
942 _cEBOOK
999 _c1780177
_d1780177